Представление документа в формате RUSMARC

ПолеНазваниеЗначение
  Тип записи a
  Библиографический уровень m
001 Контрольный номер 87272472cc374faf8761e838a0b17b86
005 Дата корректировки 20160912142940.1
010 Индекс ISBN __
a ISBN 978-5-390-00468-5
200 Заглавие и сведения об ответственности 1_
a Заглавие Инвестиции
b Общее обозначение материала Текст
e Сведения, относящиеся к заглавию учебное пособие
f Первые сведения об ответственности под ред. М. В. Чиненова
205 Сведения об издании __
a Основные сведения об издании 2- изд., перераб. и доп.
210 Выходные данные 1_
a Место издания М.
c Издательство КноРус
d Дата издания 2010
215 Физическое описание __
a Объем 368 с.
c Иллюстрации/тип воспроизводства ил.: табл., граф.
330 Аннотация __
a Аннотация Раскрываются понятия инвестиций и капитальных вложений. Освещаются вопросы оценки эффективности инвестиционных проектов.
606 Тематические рубрики __
a Основная рубрика Инвестиции
610 Ключевые слова 0_
a Ключевые слова инвестиционные проекты
a Ключевые слова инвестиционные вложения
a Ключевые слова инвестиционный портфель
a Ключевые слова иностранные инвестиции
a Ключевые слова мировой рынок капиталов
a Ключевые слова рынки международных инвестиций
a Ключевые слова движение капиталов
686 Индексы других классификаций __
a Классификационный индекс 65.263
2 Код системы rubbk
701 Альтернативная интеллектуальная ответственность _1
a Фамилия Чиненов
b Имя М. В.
701 Альтернативная интеллектуальная ответственность _1
a Фамилия Черноусенко
b Имя А. И.
701 Альтернативная интеллектуальная ответственность _1
a Фамилия Зозуля
b Имя В. И.
852 Данные о местонахождении __
i Авторский знак И 58
j Шифр хранения 65.263
938 Служебная информация __
a Название организации Волгоградский филиал
b Имя БД Каталог_ВКИ
c Название АИБС АИБС МАРК-SQL
938 Служебная информация __
a Название организации Ижевский филиал
952 Тип литературы __
b Гриф литературы для ВШ гриф УМО
c Вид литературы учебное пособие